Missing Word: Rodgers & Hammerstein Quiz Stats

 Plays Quiz not verified by Sporcle

Score 0/22 Timer 03:00
0 Plays Today
Song Missing Word % Correct
You'll Never Walk _____Alone
96.6%
Oh, What a _________ Mornin'Beautiful
95.8%
Climb Ev'ry ________Mountain
94.7%
Do-__-MiRe
92.7%
Getting to ____ YouKnow
92.4%
Sixteen Going on _________Seventeen
90.8%
My Favorite ______Things
90.8%
I'm Gonna Wash That Man Right Outa My ____Hair
90.1%
Some _________ EveningEnchanted
85.5%
I _______ a Happy TuneWhistle
82.4%
The Surrey with the ______ on TopFringe
77.9%
Song Missing Word % Correct
In My Own ______ CornerLittle
77.1%
______ Will Say We're in LovePeople
75.2%
There Is Nothing Like a ____Dame
72.9%
I Enjoy Being a ____Girl
72.1%
It's a Grand _____ for SingingNight
67.6%
____ Is Bustin' Out All OverJune
60.3%
_______ Than SpringtimeYounger
59.9%
You've Got to Be _________ TaughtCarefully
45%
You're a _____ One, Julie JordanQueer
40.8%
The Small House of _____ ThomasUncle
35.5%
It's a Scandal! It's a _______!Outrage
27.1%

You're not logged in!

Compare scores with friends on all Sporcle quizzes.
OR
Log In

Sporcle TV

Today on Sporcle TV


Watch our educational content, quiz creation guides, and fun videos on Sporcle TV.

Show Comments

Extras

Top Quizzes Today


Score Distribution

Your Account Isn't Verified!

In order to create a playlist on Sporcle, you need to verify the email address you used during registration. Go to your Sporcle Settings to finish the process.

Report this User

Report this user for behavior that violates our Community Guidelines.

Details: